आय ऑफ द निडल (Record no. 335909)

MARC details
000 -LEADER
fixed length control field 00520nam a2200169Ia 4500
008 - FIXED-LENGTH DATA ELEMENTS--GENERAL INFORMATION
fixed length control field 090711s9999 xx 000 0 und d
082 ## - DEWEY DECIMAL CLASSIFICATION NUMBER
Item number 931
100 ## - MAIN ENTRY--PERSONAL NAME
Personal name फोलेट केन
245 ## - TITLE STATEMENT
Title आय ऑफ द निडल
260 ## - PUBLICATION, DISTRIBUTION, ETC. (IMPRINT)
Name of publisher, distributor, etc पुष्प प्रकाशन प्रा. लि.
Date of publication, distribution, etc 1999
300 ## - PHYSICAL DESCRIPTION
Extent 192
600 ## - SUBJECT ADDED ENTRY--PERSONAL NAME
Personal name फोलेट केन
630 ## - SUBJECT ADDED ENTRY--UNIFORM TITLE
Uniform title आय ऑफ द निडल
700 ## - ADDED ENTRY--PERSONAL NAME
Personal name फोलेट केन
730 ## - ADDED ENTRY--UNIFORM TITLE
Uniform title आय ऑफ द निडल
942 ## - ADDED ENTRY ELEMENTS (KOHA)
Koha item type Book

No items available.